| 000 | 00838nam a22002537a 4500 | ||
|---|---|---|---|
| 005 | 20170124105948.0 | ||
| 010 | _a348292 | ||
| 020 | _c00.00 | ||
| 035 | _a348292 | ||
| 037 | _bCen Lib/Ret | ||
| 040 |
_aDPL _bEN |
||
| 082 |
_a320.4 _bBAS |
||
| 100 |
_aBastiat, Frederic _973450 |
||
| 245 |
_aSelected essays on political economy / _cby Frederic Bastiat; translated by Seymour Cain; edited by George B. de Huszar |
||
| 260 |
_aNew Jersey _bD. Van Nostrand Company _c1964 |
||
| 270 |
_bNew Jersey _a120 Alexander St. Princeton |
||
| 300 |
_axiv, 352p. _c22cm(Hb) |
||
| 500 | _aIncludes bibliographical references and index | ||
| 650 |
_aEconomics _973451 |
||
| 650 |
_aFree enterprise _973452 |
||
| 700 |
_aCain, Seymour _973453 |
||
| 700 |
_aHuszar, George B. de _973454 |
||
| 942 |
_2ddc _cEN _h320.4 _mBAS |
||
| 999 |
_c125041 _d125041 |
||